| 000 | 00361 a2200133 4500 | ||
|---|---|---|---|
| 001 | 88450 | ||
| 082 | _aPR 665 | ||
| 090 |
_c41875 _d41875 |
||
| 100 | _aIftikhar Ahmad Gul | ||
| 245 | _aPreliminary design of an axial turbine (independent study) | ||
| 260 |
_aKarachi _bUniversity of Karachi _c1971 |
||
| 300 | _a75p. | ||
| 500 | _aBE Project Reports | ||
| 942 |
_aUniversity of Karachi _kPR 665 |
||
| 999 |
_c323523 _d323523 |
||